00487nam a2200181Ia 450000500170000000800410001702000150005808200130007310000150008624500250010126000300012630000120015665000110016865000100017994200060018995200950019599900150029020241004014949.0240331s9999 xx 000 0 und d a064619903X bFERa820 aFernando,C 0aWomen There and here aAustraliabWordlinkc1994 a86 p ., aSocial aWomen cL 001040708LaWERCLbWERCLcSSCd2024-03-31l0o 820 FERp5069r2024-03-31w2024-03-31yL c4343d4343